| 000 | 00636nam a22002052 4500 | ||
|---|---|---|---|
| 001 | 0000003617 | ||
| 005 | 20151217145738.0 | ||
| 008 | 070510s xx 000 0 eng d | ||
| 020 |
_a0844259306 : _cKES 400 |
||
| 040 |
_aKABU _cKABU |
||
| 050 | 0 |
_aLB2369 _b.W66 |
|
| 100 | 1 |
_aWoodward, Jeannette A. _@0000153653 |
|
| 245 | 1 | 0 |
_aWriting research papers : _binvestigating resources in cyberspace. |
| 260 |
_aLincolnwood, III : _bNational Textbook, _c1997. |
||
| 300 | _axvi, 272 p. | ||
| 650 | 0 |
_aReport writing _xData processing. _@0000153654 |
|
| 908 | _a070510 | ||
| 950 | _@1 | ||
| 999 |
_c2189 _d2189 |
||